MARC

LEADER 00000nam0a2200000 4500
001 76592
005 20231031091758.0
010 |a 5256001620 
035 |a (RuTPU)RU\TPU\book\82095 
090 |a 76592 
100 |a 20050426d1988 km y0rusy50 ca 
101 0 |a rus 
102 |a RU 
105 |a a z 001zy 
200 1 |a От микропроцессоров к персональным ЭВМ  |f С. В. Черемных, А. В. Гиглавый , Ю. Е. Поляк 
210 |a Москва  |c Радио и связь  |d 1988 
215 |a 288 с.  |c ил. 
320 |a Библиогр.: с. 279-283. 
610 1 |a электронные вычислительные машины 
610 1 |a микропроцессоры 
610 1 |a конструкции 
610 1 |a языки программирования 
610 1 |a прикладные программы 
610 1 |a операционные системы 
610 1 |a АРМ 
610 1 |a программное обеспечение 
610 1 |a современное образование 
610 1 |a вузы 
675 |a 681.325.5  |v 3 
675 |a 681.322  |v 3 
700 1 |a Черемных  |b С. В.  |g Станислав Владимирович 
701 1 |a Гиглавый  |b А. В.  |g Александр Владимирович 
701 1 |a Поляк  |b Ю. Е.  |g Юрий Евгеньевич 
801 1 |a RU  |b 63413507  |c 20050426  |g PSBO 
801 2 |a RU  |b 63413507  |c 20160706  |g PSBO 
942 |c BK